Majālis Thaʻlab /
Main Author:
Other Authors:
Format: Book
Language: Arabic
Published:
Miṣr :
Dār al-Maʻārif,
[1948-].
Subjects:
Tags: Add Tag
Call Number: PJ7745 .T5 v.1-2
| LEADER | 01639nam a2200241Ia 4500 | ||
|---|---|---|---|
| 003 | OSt | ||
| 005 | 20231114131043.0 | ||
| 008 | 130303m19489999ua h 000 0 ara d | ||
| 952 | |0 0 |1 0 |2 lcc |3 V.1 |4 0 |6 PJ7745 T5 V.00001-00002 |7 1 |9 56197 |a ARCE |b ARCE |d 2023-11-14 |l 0 |o PJ7745 .T5 v.1-2 |p 1031914 |r 2023-11-14 00:00:00 |w 2023-11-14 |y BK | ||
| 952 | |0 0 |1 0 |2 lcc |3 V.2 |4 0 |6 PJ7745 T5 V.00001-00002 |7 1 |9 62925 |a ARCE |b ARCE |d 2024-02-26 |l 0 |o PJ7745 .T5 v.1-2 |p 1031915 |r 2024-02-26 00:00:00 |w 2024-02-26 |y BK | ||
| 999 | |c 30393 |d 30393 | ||
| 040 | |c ARCE Library | ||
| 050 | 4 | |a PJ7745 .T5 v.1-2 | |
| 100 | 1 | |6 880-01 |a Thaʿlab, Aḥmad ibn Yaḥyá, |d 815-904, |e author | |
| 245 | 1 | 0 | |6 880-02 |a Majālis Thaʻlab / |c li-Abī al-ʻAbbās Ahṃad ibn Yahỵá Thaʻlab ; sharh ̣wa-talīq ʻAbd al-Salām Muhạmmad Hārūn. |
| 264 | 1 | |a Miṣr : |b Dār al-Maʻārif, |c [1948-]. | |
| 300 | |a 2 v. : |b facsims. ; |c 25 cm. | ||
| 650 | 0 | |a Arabic philology |v Early works to 1800. | |
| 700 | 1 | |a Hạrūn, ʿAbd al-Salām Muḥammad. | |
| 880 | 1 | |6 100-01/(3/r |a ثعلب، أحمد بن يحيى، |d 815-904. | |
| 880 | 1 | 0 | |6 245-02/(3/r |a مجالس ثعلب |c لأبي العباس أحمد بن يحيى ثعلب ; شرح و تحقيق عبد السلام محمد هارون. |
| 901 | |a reviewed | ||
| 942 | |c BK |2 lcc | ||
